logo

Bir Sreshtho Munshi Abdur Rouf Library
Jhenaidah Cadet College

মুক্তিযুদ্ধে বাংলার নারী / (Record no. 681)

MARC details
000 -LEADER
fixed length control field 00900nam a22002297a 4500
001 - CONTROL NUMBER
JCCL Control Number 681
003 - CONTROL NUMBER IDENTIFIER
JCCL marc code BD-JhCC
005 - DATE AND TIME OF LATEST TRANSACTION
control field 20220804134023.0
008 - FIXED-LENGTH DATA ELEMENTS--GENERAL INFORMATION
fixed length control field 171008s2003 bg |||| |||| 000 0 ben d
020 ## - INTERNATIONAL STANDARD BOOK NUMBER
International Standard Book Number 9841105509
035 ## - SYSTEM CONTROL NUMBER
system control number (BD-JhCC)681
040 ## - CATALOGING SOURCE
Original cataloging agency BD-JhCC
Modifying agency BD-JhCC
041 ## - LANGUAGE CODE
Language code of Book eng
082 ## - DEWEY DECIMAL CLASSIFICATION NUMBER
Classification number 954.9205
Author mark and Year ULL 2003
100 ## - MAIN ENTRY--PERSONAL NAME
Personal name উল্লাহ, কর্নেল (অব.) মোহাম্মদ সফিক
Titles and other words associated with a name বীর প্রতীক
245 ## - TITLE STATEMENT
Title মুক্তিযুদ্ধে বাংলার নারী /
Statement of responsibility, etc কর্নেল (অব.) মোহাম্মদ সফিক উল্লাহ
260 ## - PUBLICATION, DISTRIBUTION, ETC. (IMPRINT)
Place of publication, distribution, etc ঢাকা:
Name of publisher, distributor, etc আহমদ পাবলিশিং হাউস,
Date of publication, distribution, etc ২০০৩.
300 ## - PHYSICAL DESCRIPTION
Pagination ১৬০ পৃ. :
Dimensions ২২ সেমি.
650 ## - SUBJECT ADDED ENTRY--TOPICAL TERM
Topical term or geographic name as entry element History Liberation War, 1971
Geographic subdivision Bangladesh
942 ## - ADDED ENTRY ELEMENTS (KOHA)
Source of classification or shelving scheme Dewey Decimal Classification
Koha item type Books
Koha issues (borrowed), all copies 1
Holdings
Source of classification or shelving scheme Damaged status Not for loan Collection code Home library Current library Shelving location Date of accession Source of acquisition Cost, normal purchase price Total Checkouts Full call number Barcode Date last seen Date checked out Copy number Method of acquisition Koha item type Currency
Dewey Decimal Classification     Non-fiction JCC Rouf Library JCC Rouf Library General Stacks 10/08/2017 Purchase 120.00 1 954.9205 ULL 2003 137 08/11/2022 08/04/2022 C-1 Purchase Books BDT
Dewey Decimal Classification     Non-fiction JCC Rouf Library JCC Rouf Library General Stacks 12/20/2025   414.00   954.9205 ULL 2003 20315 12/20/2025   C-2 Purchase Books BDT
Dewey Decimal Classification     Non-fiction JCC Rouf Library JCC Rouf Library General Stacks 12/20/2025   414.00   954.9205 ULL 2003 20316 12/20/2025   C-3 Purchase Books BDT

JCC Library | Contacts | JCC Home

Last Update on 23 September 2017
Copyright @ 2017-2020 JCC Rouf Library
Rouf Library, Jhenidah Cadet College (JCC), Bangladesh